000 00428nam a2200145 a 4500
001 000039942
005 20201002033825.0
008 130731s1968 xxu 000 0 spa d
040 _aDO-SdBNP
_bspa
_cBNPHU
082 _axxx
100 1 _aSchoenbrun, David
_966156
245 1 0 _aVietnam :
_bhow we got in how to get out /
_cDavid Schoenbrun.
260 _aNew York, Estados Unidos :
_bAtheneum,
_c1968.
300 _a214 p. ;
_c21 cm.
999 _c39432
_d39432